| 000 | 00000nam 22000008a 4500 |
| 001 | 9.835920 |
| 003 | CaOODSP |
| 005 | 20221107150758 |
| 007 | cr ||||||||||| |
| 008 | 170502s1978 onc |o f|0| 0 fre d |
| 040 | |aCaOODSP|bfre |
| 043 | |an-cn--- |
| 086 | 1 |aR5-160/1978F-PDF |
| 100 | 1 |aLa Rusic, Ignatius E. (Ignatius Edwin) |
| 245 | 13|aLe programme de sécurité du revenu relatif aux chasseurs et aux trappeurs Cris |h[ressource électronique] : |brapport sur l'évaluation, le fonctionnement et les premiers effets du Programme de sécurité du revenu établi en vertu de la Convention de la Baie James et du Nord québécois / |cIgnatius E. La Rusic. |
| 260 | |a[Ottawa] : |bMinistère des affaires indiennes et du Nord canadien, |c1978 |
| 300 | |a[180] p. |
| 500 | |aÉdition numérisée de l’imprimé [par Affaires autochtones et du Nord Canada]. |
| 500 | |a« Mai 1978. » |
| 692 | 07|2gccst|aIndiens |
| 692 | 07|2gccst|aSécurité du revenu |
| 710 | 1 |aCanada. |bAffaires indiennes et du Nord Canada. |
| 775 | 08|tThe income security program for Cree hunters and trappers |w(CaOODSP)9.835912 |
| 856 | 40|qPDF|s7.34 Mo|uhttps://publications.gc.ca/collections/collection_2017/aanc-inac/R5-160-1978-fra.pdf |